| 000 | 01219nam a22002537a 4500 | ||
|---|---|---|---|
| 005 | 20170124103130.0 | ||
| 010 | _aB-081664 | ||
| 020 |
_c125.00 _a8170557534 |
||
| 035 | _aB-081664 | ||
| 037 | _bCen Lib/Ret | ||
| 040 |
_aDPL _bHN |
||
| 082 |
_a840.92 _bफ़िराक |
||
| 100 |
_aफ़िराक, गोरखपुरी _983964 |
||
| 245 |
_aमन आनम : _cफ़िराक गोरखपुरी _bनुकूश के संपादक मुहम्मद तुफैल के नाम पत्र / |
||
| 246 |
_aMan aanam : nukush ke sampadak muhammad tufail ke naam patr _bby Firak Gorakhpuri |
||
| 260 |
_aनई दिल्ली _bवाणी प्रकाशन _c1989 |
||
| 270 |
_a21ए- दरिया गंज _bनई दिल्ली _e110002 |
||
| 300 |
_a127पृष्ठ. _c21सेमी(सजिल्द) |
||
| 650 |
_aहिंदी साहित्य _983965 |
||
| 650 |
_aफ़िराक गोरखपुरी - ख़त - ओ - किताबत _983966 |
||
| 650 |
_ahindi literature _983967 |
||
| 650 |
_aFirak Gorakhpuri - letter - o - Kitabt _983968 |
||
| 942 |
_2ddc _cHN _h840.92 _mफ़िराक |
||
| 999 |
_c119238 _d119238 |
||